书目信息 |
| 题名: |
点击决胜英语词汇3300
|
|
| 作者: | 王湘云 , 张迎雪 , 王颖 主编 | |
| 分册: | ||
| 出版信息: | 大连 大连理工大学出版社 2004.04 |
|
| 页数: | 630页 | |
| 开本: | 19cm | |
| 丛书名: | ||
| 单 册: | ||
| 中图分类: | H313 | |
| 科图分类: | ||
| 主题词: | 英语--词汇 | |
| 电子资源: | ||
| ISBN: | 7-5611-2537-2 | |
| 000 | 00913nam0 2200265 450 | |
| 001 | 0146456545 | |
| 005 | 20050316170546.79 | |
| 010 | @a7-5611-2537-2@d24.80CNY | |
| 100 | @a20040819d2004 km y0chiy0120 ea | |
| 101 | 0 | @achi@aeng |
| 102 | @aCN@b210000 | |
| 105 | @ay z 000yy | |
| 200 | 1 | @a点击决胜英语词汇3300@Adian ji jue sheng ying yu ci hui 3300@f主编王湘云, 张迎雪, 王颖@Fzhu bian wang xiang yun,zhang ying xue,wang ying |
| 210 | @a大连@c大连理工大学出版社@d2004.04 | |
| 215 | @a630页@d19cm | |
| 312 | @a英文题名取自封面。 | |
| 330 | @a该书收录了3300个重要词汇和高频词汇。书中提供了例句,以及连线真题等内容。 | |
| 510 | 1 | @aTargeted at Key English Words: 3300@zeng |
| 606 | 0 | @a英语@x词汇 |
| 690 | @aH313@v4 | |
| 701 | 0 | @a王湘云@Awang xiang yun@4主编 |
| 701 | 0 | @a张迎雪@Azhang ying xue@4主编 |
| 701 | 0 | @a王颖@Awang ying@4主编 |
| 801 | 0 | @aCN@bRULIN@c20050316 |
| 905 | @a10447@dH313@eZ237 | |
| 点击决胜英语词汇3300/主编王湘云, 张迎雪, 王颖.-大连:大连理工大学出版社,2004.04 |
| 630页;19cm |
| ISBN 7-5611-2537-2:24.80CNY |
| 该书收录了3300个重要词汇和高频词汇。书中提供了例句,以及连线真题等内容。 |
| ● |
| 相关链接 |
|
|
|
正题名:点击决胜英语词汇3300
索取号:H313/Z237
 
预约/预借
| 序号 | 登录号 | 条形码 | 馆藏地/架位号 | 状态 | 备注 |
| 1 | 521213 | 205212134 | 语言库209/209语言库 1排1列4层/ [索取号:H313/Z237] | 在馆 | |
| 2 | 521214 | 205212143 | 语言库209/209语言库 1排1列4层/ [索取号:H313/Z237] | 在馆 | |
| 3 | 521215 | 205212152 | 语言库209/209语言库 1排1列4层/ [索取号:H313/Z237] | 在馆 | |
| 4 | 521216 | 205212161 | 自科二线404/209语言库 1排1列4层/ [索取号:H313/Z237] | 在馆 | |
| 5 | 521217 | 205212170 | 自科二线404/209语言库 1排1列4层/ [索取号:H313/Z237] | 在馆 |